| 000 | 00795nam a22002417a 4500 | ||
|---|---|---|---|
| 999 |
_c1793 _d1793 |
||
| 003 | AR-CdUCM | ||
| 008 | 190228b ||||| |||| 00| 0 spa d | ||
| 040 |
_aMUNICIPALIDAD PROVINCIAL DEL CUSCO _cBIBLIOTECA MUNICIPAL DEL CUSCO |
||
| 082 |
_a800.1 / _bG79 |
||
| 100 |
_aGregorich, Luis _96589 |
||
| 245 |
_aLiteratura de Dos Décadas : _b(1900-1920) / |
||
| 260 |
_aArgentina : _bSiglomundo, Centro Editor de América Latina ; _c1968. |
||
| 300 |
_a91 páginas _c18cm |
||
| 440 |
_aBiblioteca de Literatura y Ciencias Sociales _96590 |
||
| 505 | _aEl Testimonio -- El Cuento y la Prosa -- La Poesía | ||
| 650 |
_aTolstoi _96591 |
||
| 650 |
_aGorki _96592 |
||
| 650 |
_aAnderson _96593 |
||
| 650 |
_aRilke _96594 |
||
| 650 |
_aSaki _96595 |
||
| 942 |
_2ddc _cLIBROS |
||
| 945 |
_anom _d2019-02-28 |
||